00550nam a2200145Ia 4500008004100000020005500041040000800096082001900104100002800123245010700151264001000258942001300268952010800281999001500389231129s9999||||xx |||||||||||||| ||spa|| a84-7634-569-0  bspa a946.042 C334br aCasas Bartolome de las 0aBrevisima relacion de la destruccion de las Indias : Con un estudio preliminar de Nelson Martinez Diaz aOrbis 2ddccBKS 00102ddc4070aBRCbBRCd2009-07-09l0o946.042 C334brp26658r2023-11-29 20:58:38t1w2023-11-29yBK c6354d6354